The long-term impact of flooding on residential property values (Record no. 71400)

MARC details
000 -LEADER
fixed length control field 01834cam a2200265 4500
001 - CONTROL NUMBER
control field ABS66063
008 - FIXED-LENGTH DATA ELEMENTS--GENERAL INFORMATION
fixed length control field 021021n2002 000 0 eng u
035 ## - SYSTEM CONTROL NUMBER
System control number (Sirsi) u120200
100 ## - MAIN ENTRY--PERSONAL NAME
Personal name Eves, C.
245 #4 - TITLE STATEMENT
Title The long-term impact of flooding on residential property values
260 ## - PUBLICATION, DISTRIBUTION, ETC.
Date of publication, distribution, etc. 2002
490 ## - SERIES STATEMENT
Series statement Property Management
Volume/sequential designation 20(4) 2002, 214-227(7)
520 ## - SUMMARY, ETC.
Summary, etc. Current planning schemes in Australia identify areas that are potentially liable to flooding. This identification of flood-liable land is based on flood height levels over time. Throughout New South Wales (NSW) this measure of flood affectivity is determined by three classifications. These classifications also influence the development of residential property within these flood areas. Prospective purchasers are advised of this flood zoning, when a full title search is carried out. However, as these properties are often located on the flood plain, but not within sight of the river, flooding can appear visually remote to the uninformed buyer. This study analyses residential house sales in flood-prone areas and compares price movements of these houses with similar houses in immediate adjoining areas that are not affected by flooding. The analysis covers the period 1984 to 2000, which includes the last major floods in Sydney during 1990. This study period determines what impact a major flood has on residential housing prices and whether this effect is ongoing or decreases, the longer the area is free from flood affectivity. (TAKEN FROM JOURNALHEADNOTE)
590 ## - LOCAL NOTE (RLIN)
Local note ABS
650 ## - SUBJECT ADDED ENTRY--TOPICAL TERM
Topical term or geographic name entry element HOUSING
650 ## - SUBJECT ADDED ENTRY--TOPICAL TERM
Topical term or geographic name entry element FLOODS
650 ## - SUBJECT ADDED ENTRY--TOPICAL TERM
Topical term or geographic name entry element FLOODPLAINS
650 ## - SUBJECT ADDED ENTRY--TOPICAL TERM
Topical term or geographic name entry element VALUATIONS
650 ## - SUBJECT ADDED ENTRY--TOPICAL TERM
Topical term or geographic name entry element PROPERTY
650 ## - SUBJECT ADDED ENTRY--TOPICAL TERM
Topical term or geographic name entry element AUSTRALIA
650 ## - SUBJECT ADDED ENTRY--TOPICAL TERM
Topical term or geographic name entry element HOUSE PRICES
650 ## - SUBJECT ADDED ENTRY--TOPICAL TERM
Topical term or geographic name entry element Property management
9 (RLIN) 6262
690 ## - LOCAL SUBJECT ADDED ENTRY--TOPICAL TERM (OCLC, RLIN)
Topical term or geographic name as entry element INTERNATIONAL-AUSTRALASIA
942 ## - ADDED ENTRY ELEMENTS (KOHA)
Suppress in OPAC 0
Holdings
Withdrawn status Lost status Source of classification or shelving scheme Damaged status Not for loan Home library Current library Shelving location Date acquired Total Checkouts Full call number Barcode Date last seen Copy number Price effective from Koha item type
    Dewey Decimal Classification     London London Journal article 21/10/2002   ABS66063 120200-1001 06/08/2019 1 06/08/2019 Journal article